Manual de mapeo colectivo: recursos cartográficos críticos para procesos territoriales de creación colaborativa
Guardado en:
| Autores principales: | , |
|---|---|
| Formato: | Libro |
| Lenguaje: | español |
| Publicado: |
Buenos Aires
Tinta Limón Ediciones
2013
|
| Edición: | 1a. ed |
| Colección: | Iconoclasistas
|
| Materias: | |
| Etiquetas: |
Agregar Etiqueta
Sin Etiquetas, Sea el primero en etiquetar este registro!
|
MARC
| LEADER | 00000cam a2200000 a 4500 | ||
|---|---|---|---|
| 001 | UCC1127 | ||
| 003 | CL-VaPUC | ||
| 008 | 170929e20130000ag |||||||||||||||||spa|d | ||
| 020 | |a 9789872739072 | ||
| 082 | 0 | 4 | |a 306 |b ARE |2 21 |
| 100 | 0 | |a Ares, Pablo |e author |9 595163 | |
| 700 | 0 | |a Risler, Julia |e author |9 595164 | |
| 245 | 1 | 0 | |a Manual de mapeo colectivo: recursos cartográficos críticos para procesos territoriales de creación colaborativa |
| 250 | |a 1a. ed | ||
| 300 | |a 75 p | ||
| 942 | |c BK | ||
| 945 | |d 20170929 13:43:00 |a arojas | ||
| 260 | |a Buenos Aires |b Tinta Limón Ediciones |c 2013 | ||
| 650 | 7 | |a GEOGRAFIA CULTURAL |2 CL-VaPUC |9 340317 | |
| 650 | 0 | |a Geografía humana |9 267193 | |
| 650 | 0 | |a Mapas |9 260844 | |
| 650 | 7 | |a COLABORACION |2 CL-VaPUC |9 463532 | |
| 650 | 0 | |a Cartografía |9 266055 | |
| 650 | 0 | |a Iconografía |9 267998 | |
| 583 | |a last modification |c 20170929 13:43:00 |k Rodrigo Vera | ||
| 490 | 0 | |a Iconoclasistas | |
| 999 | |c 369702 |d 369700 | ||
| 952 | |0 0 |1 0 |3 erb |4 0 |6 306_000000000000000_ARE_2013 |7 0 |8 A |9 485683 |a BIBING |b BIBING |i 5426162 |o 306 ARE 2013 |p 5426162 |r 2025-01-20 |w 2019-11-24 |y BK |z Catalogado en:20170929 |k GEO | ||
| 952 | |0 0 |1 0 |3 erb |4 0 |6 306_000000000000000_ARE_2013 |7 0 |8 A |9 485684 |a BIBING |b BIBING |i 5426170 |o 306 ARE 2013 |p 5426170 |r 2025-01-20 |w 2019-11-24 |y BK |z Catalogado en:20170929 |k GEO | ||